Click the Phoneme by Description #1 - Statistics

General Stats
  • This quiz has been taken 10 times
  • The average score is 8 of 10
Answer Stats
Hint Answer % Correct
Voiced Dental Fricative /ð/
100%
Voiced Palatal Approximant /j/
100%
Voiced Velar Nasal /ŋ/
80%
Unvoiced Post-alveolar Fricative /ʃ/
80%
Back Open-mid Unrounded /ʌ/
80%
Back Open Rounded /ɒ/
80%
Voiced Labial-velar Approximant /w/
80%
Unvoiced Dental Fricative /θ/
60%
Close-front Near-close Unrounded /ɪ/
60%
Voiced Alveolar Nasal /n/
60%
No matching quizzes found
Score Distribution
Percent of People with Each Score
Percentile by Number Answered
Your Score History
You have not taken this quiz